000 00286nam a2200145Ia 4500
100 _aThurston/Hugh
942 _cBK
654 _aPhysics
245 _aEarly Astronomy
260 _bSpringer
_aNONE
_c1994
082 _a520
_bTHU
300 _a268
546 _aENGLISH
999 _c24287
_d24287